00517nam a2200169 a 4500008004100000020002200041100002200063245007000085260003500155300003300190500004100223500002100264650003500285003000100320005001700321040000900338  a0890069891 (hbk.)1 aCripps, Steven C.10aRF Power Amplifiers for wireless communicationsc Steve C Cripps. aLondon :b Artech House,c1999 axiii, 337p. :bill. ;c24cm. aIncludes bibliographical references. aIncludes index.  aAmplifiers v power amplifiers20230123134107.0 cNUST